000 00285nam a2200109Ia 4500
008 190919s9999||||xx |||||||||||||| ||und||
100 _aC.H.Kwan
245 0 _aEconomic Interdependence in the Asia Pacific Region
260 _aNew York
_bRoutlege
_c1996
300 _a288
942 _cBK
999 _c11190
_d11190